[Event "Subotica-ch"]
[Site "Subotica"]
[Date "2009.03.04"]
[Round "8"]
[White "Sedlak, Ivan"]
[Black "Vojvodic, Branko"]
[Result "1/2-1/2"]
[WhiteElo "2169"]
[BlackElo "2043"]
[PlyCount "60"]
[EventDate "2009.02.16"]
[EventType "swiss"]
[EventRounds "9"]
[EventCountry "SRB"]
[SourceTitle "EXT 2019"]
[Source "ChessBase"]
[SourceDate "2018.10.10"]
[SourceVersion "1"]
[SourceVersionDate "2018.10.10"]
[SourceQuality "1"]

1. e4 c5 2. Nf3 d6 3. d4 cxd4 4. Nxd4 Nf6 5. Nc3 a6 6. Be2 e6 7. a4 Be7 8. Be3 0-0 9. 0-0 Nc6 10. Nxc6 bxc6 11. a5 c5 12. f4 d5 13. Bf3 d4 14. e5 Nd5 15. Nxd5 exd5 16. Bf2 Bf5 17. Qe2 Qd7 18. g4 Be4 19. Bxe4 dxe4 20. Qxe4 Qxg4+ 21. Kh1 f5 22. Qb7 Rfe8 23. c3 dxc3 24. bxc3 Qxf4 25. Rae1 Qc4 26. Rg1 Rad8 27. Rg2 Qe6 28. Bxc5 Rd7 29. Qb6 Bxc5 30. Qxc5 Red8 1/2-1/2